| 000 | 01239cam a2200145 4500500 | ||
|---|---|---|---|
| 005 | 20251214011440.0 | ||
| 041 | _afre | ||
| 042 | _adc | ||
| 100 | 1 | 0 |
_aAuber, Emmanuel _eauthor |
| 700 | 1 | 0 |
_aCervelle, Delphine _eauthor |
| 245 | 0 | 0 | _aLes collectivités territoriales |
| 260 |
_bArmand Colin,
_c2015. |
||
| 520 | _aLes collectivités territoriales sont des acteurs incontournables du paysage politique et administratif, tant à l’échelle nationale qu’européenne.Cet ouvrage vous propose une approche juridique exigeante, ainsi qu’un éclairage historique, institutionnel et financier sur les moyens d’action des administrations locales.Il se compose de trois grandes parties:-La décentralisation: principes fondamentaux et réforme territoriale-La territorialisation: les collectivités territoriales, l’État et l’Union européenne-La libre administration et la démocratie localeEntièrement refondue et actualisée, cette 3e édition tient compte des dernières é volutions législatives et réglementaires (Acte III de la décentralisation et, en particulier, loi NOTRe de 2015). | ||
| 856 | 4 | 1 | _uhttps://shs.cairn.info/les-collectivites-territoriales-3e-ed--9782200602932?lang=fr&redirect-ssocas=7080 |
| 999 |
_c1569751 _d1569751 |
||